=LDR 00000nam 2200000 4500 =001 INLIS000000000034384 =005 20130612140308 =008 ***********************************ind** =035 ##$$0010-061300000034384 =041 ##$$a ind =082 ##$$a 621.32 =090 ##$$a 621.32, Hus p =100 ##$$a HUSNUL M, Ade =245 ##$$a Pemadaman Listrik ! Wow, untuk apa, Ade Husnul M ; penyuntiong, Tim Regina =260 ##$$a 2008 $b Bogor =300 ##$$a iv, 59 hlm, ilus, 20 cm =650 ##$$a Listrik - Penerangan =710 ##$$a Tim Regina =850 ##$$a NBPNMAT